Marine Sniper : 93 Confirmed Kills : (Record no. 4950)

MARC details
000 -LEADER
fixed length control field 01035nam a22002417a 4500
001 - CONTROL NUMBER
control field 4950
003 - CONTROL NUMBER IDENTIFIER
control field FISKH
005 - DATE AND TIME OF LATEST TRANSACTION
control field 20241028120114.0
008 - FIXED-LENGTH DATA ELEMENTS--GENERAL INFORMATION
fixed length control field 241028b cb ||||| |||| 00| 0 eng d
020 ## - INTERNATIONAL STANDARD BOOK NUMBER
International Standard Book Number 9780425103555
040 ## - CATALOGING SOURCE
Original cataloging agency FISKH
Language of cataloging eng
Transcribing agency FISKH
Modifying agency FISKH
050 ## - LIBRARY OF CONGRESS CALL NUMBER
Classification number DS558.H37
082 ## - DEWEY DECIMAL CLASSIFICATION NUMBER
Classification number 959.70434
100 ## - MAIN ENTRY--PERSONAL NAME
Personal name Henderson, Charles
245 ## - TITLE STATEMENT
Title Marine Sniper : 93 Confirmed Kills :
Remainder of title The Explosive True Story Of A Vietnam Hero /
Statement of responsibility, etc. Charles Henderson : Author of Silent Warrior
260 ## - PUBLICATION, DISTRIBUTION, ETC.
Place of publication, distribution, etc. New York :
Name of publisher, distributor, etc. Berkley Publishing Group ;
Date of publication, distribution, etc. 1986 .
300 ## - PHYSICAL DESCRIPTION
Extent 291 pages :
Other physical details illustrator ;
Dimensions 18 cm .
490 ## - SERIES STATEMENT
Series statement Carlos Hathcock Story
Volume/sequential designation Book 1
520 ## - SUMMARY, ETC.
Summary, etc. There have been many Marines. There have been many marksmen. But there has been only one Sergeant Carlos Hathcock, a legend of Marine lore. He stalked the Viet Cong behind enemy lines. His record has never been matched: 93 confirmed kills. This is his story. Powerful, chilling, and all true.
650 ## - SUBJECT ADDED ENTRY--TOPICAL TERM
Topical term or geographic name entry element sniper
Form subdivision non-fiction
942 ## - ADDED ENTRY ELEMENTS (KOHA)
Source of classification or shelving scheme Dewey Decimal Classification
Koha item type Books
Suppress in OPAC No
Holdings
Withdrawn status Lost status Source of classification or shelving scheme Damaged status Not for loan Collection Home library Current library Shelving location Date acquired Total Checkouts Full call number Barcode Date last seen Date last checked out Price effective from Koha item type
    Dewey Decimal Classification     Non-Fiction Footprints International School Library Network Toul Tom Poung Campus Footprints International School Library Network Toul Tom Poung Campus TTP Secondary Non-Fiction Bookshelves 10/28/2024 2 HEN 959.70434 DS558.H37 FISSE03417 01/14/2026 08/13/2025 10/28/2024 Books